| 000 | 00654nam a2200205Ia 4500 | ||
|---|---|---|---|
| 005 | 20260429112016.0 | ||
| 008 | 260429s9999||||xx |||||||||||||| ||und|| | ||
| 020 | _a9781032944869 | ||
| 041 | _aEnglish | ||
| 082 |
_a371.26 _bDEP |
||
| 100 | _aDepascale, Charlie | ||
| 245 | 0 |
_aFundamentals and flaws of standards-based testing : _blessons learned across three decades in educational assessment / _cCharlie Depascale |
|
| 250 | _a1st ed. | ||
| 260 |
_aNew Delhi : _bRoutledge, _c2025. |
||
| 300 | _axix, 266 p.; pbk | ||
| 650 | _a Measurement and evaluation | ||
| 650 | _a Standardized testing | ||
| 650 | _aEducational assessment | ||
| 942 | _cTB | ||
| 999 |
_c51862 _d51862 |
||